Statistiques concernant Devinez le Département Mystère #101

Cliquez ici pour prendre le quiz!

Statistiques générales

  • Ce quiz a été pris 131 fois
  • Le résultat moyen est 26 sur 33

Statistiques - réponses

Type de RéponseRéponse% Correct
Lettre TrouvéeA
100%
Lettre TrouvéeE
100%
Lettre de l'AlphabetN
99%
Lettre TrouvéeR
99%
Lettre de l'AlphabetD
98%
Lettre de l'AlphabetI
98%
Lettre de l'AlphabetO
98%
Lettre TrouvéeS
97%
Lettre de l'AlphabetL
95%
Lettre TrouvéeT
95%
Lettre de l'AlphabetU
91%
Lettre de l'AlphabetC
90%
Lettre de l'AlphabetV
89%
Lettre TrouvéeH
88%
Lettre de l'AlphabetM
86%
Lettre de l'AlphabetG
83%
Lettre de l'AlphabetP
80%
Lettre de l'AlphabetY
77%
Lettre de l'AlphabetF
76%
Lettre Bien PlacéeE
74%
Lettre de l'AlphabetB
72%
Lettre Bien PlacéeA
69%
Lettre de l'AlphabetJ
65%
Lettre de l'AlphabetQ
64%
Lettre Bien PlacéeH
62%
Lettre Bien PlacéeS
62%
Lettre Bien PlacéeT
62%
Lettre de l'AlphabetZ
61%
Lettre de l'AlphabetK
60%
Lettre Bien PlacéeR
60%
Département MystèreSarthe
60%
Lettre de l'AlphabetW
60%
Lettre de l'AlphabetX
60%

Distribution des résultats

Percentile par nombre de réponses

% des personnes avec chaque résultat

Votre développement - résultats

Vous n’avez pas pris ce quiz